000
00326nam a2200133Ia 4500
008
210210b1970 xxu||||| |||| 00| 0 eng d
082
_a
820.33 ANAU
100
_a
ANAND (Mulk Raj).
245
_a
Untouchable.
260
_a
ND
_b
Orient Paperback
_c
1970
300
_a
181
690
_a
Indian English Fiction
906
_a
SG01254
999
_c
112837
_d
112837